000 00602nam a2200193 i 4500
001 39311
003 ES-MaACL
005 20230906155937.0
007 t|
008 030227s1950 sp ||||1| spa d
080 _a86-14"19"
100 1 _aCambronero, Luis.
_934049
245 1 0 _aCimas de Málaga y algunas otras béticas /
_cLuis Cambronero ; prólogo de Armando Cotarelo Vallador.
260 _aMadrid :
_b[s.n.,
_c1950] (
_fImp. Murillo)
300 _a266 p. ;
_c21 cm.
700 1 _aCotarelo Valledor, Armando,
_d1879-1950
_941167
852 4 _aES-MaACL
_jC-14044
999 _c39311
_d39311